Letters to Gauri : (Record no. 130671)

MARC details
000 -LEADER
fixed length control field 00722nam a22002417a 4500
003 - CONTROL NUMBER IDENTIFIER
control field dpl
005 - DATE AND TIME OF LATEST TRANSACTION
control field 20180630154538.0
008 - FIXED-LENGTH DATA ELEMENTS--GENERAL INFORMATION
fixed length control field 180523b xxu||||| |||| 00| 0 eng d
010 ## - LIBRARY OF CONGRESS CONTROL NUMBER
LC control number A-809479
020 ## - INTERNATIONAL STANDARD BOOK NUMBER
Terms of availability 00.00
035 ## - SYSTEM CONTROL NUMBER
System control number A-809479, A-809491, A-809480
037 ## - SOURCE OF ACQUISITION
Source of stock number/acquisition Cen Lib/Ret
040 ## - CATALOGING SOURCE
Original cataloging agency DPL
Language of cataloging EN
Transcribing agency 0
082 ## - DEWEY DECIMAL CLASSIFICATION NUMBER
Classification number 954
Item number KAM
100 ## - MAIN ENTRY--PERSONAL NAME
Personal name Kamath, M.V.
9 (RLIN) 112766
245 ## - TITLE STATEMENT
Title Letters to Gauri :
Statement of responsibility, etc by M.V.Kamath
Remainder of title a passage to history /
260 ## - PUBLICATION, DISTRIBUTION, ETC. (IMPRINT)
Name of publisher, distributor, etc UBS Publishers
Place of publication, distribution, etc New Delhi
Date of publication, distribution, etc 1996
270 ## - ADDRESS
Address 5 Ansari Road
City New Delhi
Postal code 1100062
300 ## - PHYSICAL DESCRIPTION
Extent xii,260p.
Dimensions 21cm(Hb)
650 ## - SUBJECT ADDED ENTRY--TOPICAL TERM
Topical term or geographic name as entry element The origin of the vedas
9 (RLIN) 29812
650 ## - SUBJECT ADDED ENTRY--TOPICAL TERM
Topical term or geographic name as entry element The rise of Buddhism
9 (RLIN) 29813
942 ## - ADDED ENTRY ELEMENTS (KOHA)
Source of classification or shelving scheme Dewey Decimal Classification
Koha item type English Books
Classification part 954
Call number suffix KAM
Holdings
Withdrawn status Lost status Damaged status Not for loan Home library Current library Date acquired Source of acquisition Cost, normal purchase price Total Checkouts Total Renewals Full call number Barcode Date last seen Date checked out Copy number Cost, replacement price Price effective from Koha item type Source of classification or shelving scheme Collection code
        Central Library Central Library 10/07/2015 Cen Lib/Ret 0.00 1 1 954 KAM A-809479 19/08/2024 22/07/2024 1 0.00 10/07/2015 English Books    
        Patel Nagar Patel Nagar 30/06/2018 BPPD/Pub 0.00     954 KAM A-809480 30/06/2018   1 0.00 30/06/2018 English Books Dewey Decimal Classification Non-fiction
        Shahdara Branch Shahdara Branch 23/05/2018 BPPD/PUB 0.00 1   954 KAM A-809491 29/04/2023 08/04/2023   0.00 23/05/2018 English Books Dewey Decimal Classification Non-fiction

© Delhi Public Library
Hit Counter
free hit counter